| 000 | 00640nam a2200205 a 4500 | ||
|---|---|---|---|
| 001 | 000012981 | ||
| 005 | 20200929163119.0 | ||
| 008 | 091118s1972 ve 000 f spa d | ||
| 040 |
_aDO-SdBNP _bspa _cBNPHU |
||
| 082 |
_aV863.44 _bF113m |
||
| 100 | 1 |
_aFabbiani Ruiz, José, _d1911-1975 _922449 |
|
| 245 | 1 | 0 |
_aMar de vela / _cJosé Fabbiani Ruiz. |
| 260 |
_aCaracas, (Venezuela) : _bMonte Ávila, _c1972. |
||
| 300 |
_a144 p. : ; _c16 m. |
||
| 490 | 1 | _aBiblioteca Popular Eldorado | |
| 650 | 4 |
_aNovela venezolana _93962 |
|
| 650 | 4 |
_aLiteratura venezolana _ySIGLO XX _99777 |
|
| 830 | 0 |
_aBiblioteca Popular Eldorado _916894 |
|
| 049 | _aBNGR | ||
| 999 |
_c12628 _d12628 |
||